Music Quiz

Random Music or Song Quiz

'Kings Of Suburbia' Lyrics (Tokio Hotel) Quiz Stats

 Plays Quiz not verified by Sporcle

Score 0/237 Timer 08:00
0 Plays Today
% Correct
We
100%
Are
100%
The
100%
And
100%
I
100%
And
100%
I
100%
We
100%
Are
100%
The
100%
Kings
100%
And
100%
Queens
100%
Of
100%
Suburbia
100%
Somewhere
100%
In
100%
We
100%
In
100%
Know
100%
Don't
100%
We
100%
Are
100%
We
100%
Are
100%
We
100%
Are
100%
The
100%
And
100%
And
100%
I
100%
And
100%
I
100%
We
100%
Are
100%
The
100%
Kings
100%
And
100%
Queens
100%
Of
100%
Suburbia
100%
Somewhere
100%
In
100%
We
100%
Don't
100%
Know
100%
We
100%
Are
100%
We
100%
Are
100%
We
100%
Are
100%
We
100%
Are
100%
The
100%
Kings
100%
And
100%
Queens
100%
Of
100%
Suburbia
100%
Somewhere
100%
In
100%
We
100%
Don't
100%
Know
100%
We
100%
Are
100%
We
100%
Are
100%
We
100%
Are
100%
The
100%
The
100%
I
100%
The
100%
I
100%
And
100%
Know
100%
The
100%
% Correct
Are
100%
We
100%
The
100%
Kings
100%
And
100%
Queens
100%
Of
100%
Suburbia
100%
Somewhere
100%
In
100%
We
100%
Don't
100%
Know
100%
We
100%
Are
100%
We
100%
Are
100%
The
100%
Kings
100%
And
100%
Queens
100%
Of
100%
Suburbia
100%
Somewhere
100%
In
100%
We
100%
Don't
100%
Know
100%
We
100%
Are
100%
We
100%
Are
100%
We
100%
Are
100%
And
100%
I
100%
And
100%
I
100%
To
87.5%
Where
87.5%
To
87.5%
Where
87.5%
Where
87.5%
To
87.5%
To
87.5%
To
87.5%
Where
87.5%
Where
87.5%
Time
75%
Who
75%
Time
75%
Who
75%
Time
75%
Who
75%
Time
75%
Time
75%
Who
75%
Young
62.5%
Open
62.5%
With
62.5%
Eyes
62.5%
City
62.5%
Lights
62.5%
Lose
62.5%
Control
62.5%
Feel
62.5%
Alive
62.5%
Just
62.5%
You
62.5%
You
62.5%
Another
62.5%
Day
62.5%
Come
62.5%
On
62.5%
Come
62.5%
On
62.5%
Come
62.5%
On
62.5%
You
62.5%
% Correct
On
62.5%
You
62.5%
You
62.5%
On
62.5%
Come
62.5%
Come
62.5%
On
62.5%
Come
62.5%
On
62.5%
Come
62.5%
On
62.5%
Can
62.5%
Come
62.5%
On
62.5%
You
62.5%
You
62.5%
Blinded
50%
By
50%
Diamond
50%
Sky
50%
Paradise
50%
Diamond
50%
Sky
50%
Have
50%
Heard
50%
Silent
50%
Scream?
50%
Boys
50%
Girls
50%
Born
50%
Be
50%
Free
50%
Love
50%
Gasolin
50%
Diamond
50%
Sky
50%
Diamond
50%
Sky
50%
God
50%
Me
50%
Serenity
50%
Accept
50%
Things
50%
Cannot
50%
Change
50%
Change
50%
Things
50%
Diamond
50%
Sky
50%
Diamond
50%
Sky
50%
Me
50%
Diamond
50%
Skies
50%
Will
50%
Be
50%
Alright
50%
Me
50%
Diamond
50%
Skies
50%
Will
50%
Be
50%
Alright
50%
Is
37.5%
Our
37.5%
Livin'
37.5%
This
37.5%
Endless
37.5%
Dream
37.5%
Grant
37.5%
Courage
37.5%
Wisdom
37.5%
Difference
37.5%
Join
37.5%
Under
37.5%
Everything
37.5%
Join
37.5%
Under
37.5%
Everything
37.5%

You're not logged in!

Compare scores with friends on all Sporcle quizzes.
OR
Log In

Sporcle TV

Today on Sporcle TV


Watch our educational content, quiz creation guides, and fun videos on Sporcle TV.

Show Comments

Extras

Top Quizzes Today


Score Distribution

Your Account Isn't Verified!

In order to create a playlist on Sporcle, you need to verify the email address you used during registration. Go to your Sporcle Settings to finish the process.

Report this User

Report this user for behavior that violates our Community Guidelines.

Details: